| 000 | 00493nam a22001937a 4500 | ||
|---|---|---|---|
| 003 | LK-CoDNM | ||
| 005 | 20250115124643.0 | ||
| 008 | 250115b |||||||| |||| 00| 0 eng d | ||
| 040 |
_aLK-CoDNM _dLK-CoDNM _eLK-CoDNM |
||
| 041 | _aeng | ||
| 080 |
_a9 _bCC24 |
||
| 100 | _aR.D. Oldham | ||
| 245 | _aA manual of the geology of India and Burma | ||
| 260 |
_aIndia _bThe government printer _c1950 |
||
| 300 | _bxvi, 484p. : ill ; 24 cm | ||
| 650 | _aScience | ||
| 650 | _a1950 | ||
| 942 | _cBK | ||
| 999 |
_c236318 _d236318 |
||